Lexique latin-français (Record no. 145092)

MARC details
000 -LEADER
campo de control de longitud fija 00936nam a2200241 i 4500
001 - NÚMERO DE CONTROL
campo de control 145092
003 - IDENTIFICADOR DE NÚMERO DE CONTROL
campo de control ES-MaACL
005 - FECHA Y HORA DE LA ÚLTIMA TRANSACCIÓN
campo de control 20250810092542.0
007 - CAMPO FIJO DE DESCRIPCIÓN FÍSICA--INFORMACIÓN GENERAL
campo de control de longitud fija t|
008 - DATOS DE LONGITUD FIJA--INFORMACIÓN GENERAL
campo de control de longitud fija 070214s1931 fr r ||||1| fre d
100 1# - ENTRADA PRINCIPAL--NOMBRE DE PERSONA
Nombre de persona Sommer, Edouard.
9 (RLIN) 107269
245 10 - MENCIÓN DEL TÍTULO
Título Lexique latin-français
Resto del título : a l'usage des classes élémentaires : extrait du Dictionnaire latin-français de MM. Quicherat et Daveluy /
Mención de responsabilidad, etc. E. Sommer ; revue et augmenté des principaux noms historiques et geographiques par Emile Châtelain.
250 ## - MENCION DE EDICION
Mención de edición 37ème éd.
260 ## - PUBLICACIÓN, DISTRIBUCIÓN, ETC.
Lugar de publicación, distribución, etc. Paris :
Nombre del editor, distribuidor, etc. Hachette,
Fecha de publicación, distribución, etc. 1931.
300 ## - DESCRIPCIÓN FÍSICA
Extensión VI, 472 p. ;
Dimensiones 22 cm.
650 04 - PUNTO DE ACCESO ADICIONAL DE MATERIA--TÉRMINO DE MATERIA
Término de materia o nombre geográfico como elemento de entrada Lengua latina-
Subdivisión de forma Diccionarios-
Subdivisión general Francés.
9 (RLIN) 14296
650 #4 - PUNTO DE ACCESO ADICIONAL DE MATERIA--TÉRMINO DE MATERIA
Término de materia o nombre geográfico como elemento de entrada Lengua francesa-
Subdivisión de forma Diccionarios-
Subdivisión general Latín.
9 (RLIN) 14212
700 1# - ENTRADA AGREGADA--NOMBRE PERSONAL
Nombre de persona Quicherat, Louis-Marie,
Fechas asociadas al nombre 1799-1884
9 (RLIN) 94607
700 1# - ENTRADA AGREGADA--NOMBRE PERSONAL
Nombre de persona Chatelain, Emile.
9 (RLIN) 38182
700 1# - ENTRADA AGREGADA--NOMBRE PERSONAL
Nombre de persona Daveluy, Amédée.
9 (RLIN) 42859
852 ## - LOCALIZACIÓN
Ubicación ES-MaACL
Número de control de estantería A-1207
Holdings
Estatus retirado Estado de pérdida Estado de daño No para préstamo Biblioteca de origen Biblioteca actual Ubicación en estantería Fecha de adquisición Fuente de adquisición Total de préstamos Signatura topográfica completa Código de barras Visto por última vez Precio de reemplazo Tipo de ítem Koha
        Biblioteca del Ateneo de Madrid Biblioteca del Ateneo de Madrid Sala Pecera Planta 1 17/01/2008     A-1207 1151454 23/02/2023 23/02/2023 Libro impreso